[Event "Open de Otoño Fundación CajaCanarias"]
[Site "Santa Cruz de Tenerife ESP"]
[Date "2014.11.03"]
[Round "4.24"]
[White "Diaz Reyes, Franklin"]
[Black "Diaz Reyes, Killian"]
[Result "1/2-1/2"]
[WhiteElo "1299"]
[BlackElo "1139"]
[PlyCount "59"]
[EventDate "2014.10.27"]
[EventType "swiss"]
[EventRounds "9"]
[EventCountry "ESP"]
[Source "lmi"]
[SourceDate "2014.10.27"]

1. e4 d5 2. exd5 Qxd5 3. Nc3 Qa5 4. d4 c6 5. Nf3 Nf6 6. Bd2 Qc7 7. Bc4 Bg4 8.
h3 Bh5 9. Qe2 e6 10. O-O Bd6 11. Rfe1 O-O 12. Qe3 Bf4 13. Qd3 Bxd2 14. Nxd2 Bg6
15. Nde4 Bxe4 16. Nxe4 Nbd7 17. Nxf6+ Nxf6 18. Qe3 Rfe8 19. Qe5 Qb6 20. Bb3
Rad8 21. c3 h6 22. Kf1 a5 23. Rab1 Qa6+ 24. Qe2 Qb6 25. Qc4 Rd5 26. Qd3 Rf5 27.
Re3 Rg5 28. Rg3 Rf5 29. Bc2 Rf4 30. Rf3 1/2-1/2

[Event "Open de Otoño Fundación CajaCanarias"]
[Site "Santa Cruz de Tenerife ESP"]
[Date "2014.11.03"]
[Round "4.25"]
[White "Redondo Terron, Eva"]
[Black "Hernandez Estevez, Andres Davi"]
[Result "0-1"]
[WhiteElo "1029"]
[BlackElo "1296"]
[PlyCount "72"]
[EventDate "2014.10.27"]
[EventType "swiss"]
[EventRounds "9"]
[EventCountry "ESP"]
[Source "lmi"]
[SourceDate "2014.10.27"]

1. e4 d5 2. exd5 Qxd5 3. Nc3 Qa5 4. Nf3 Bg4 5. Be2 Nf6 6. h3 Bxf3 7. Bxf3 c6 8.
d4 Nbd7 9. a3 e6 10. Bd2 Qb6 11. Bc1 Bd6 12. b4 O-O 13. Ne4 Nxe4 14. Bxe4 Nf6
15. Bf3 h6 16. c4 Qc7 17. c5 Bf4 18. g3 Bxc1 19. Rxc1 Rad8 20. Qc2 Rxd4 21. O-O
Rfd8 22. Rcd1 Qc8 23. Rxd4 Rxd4 24. Qc3 Qd7 25. Re1 Rd3 26. Qc1 Rxf3 27. Re3
Rxe3 28. Qxe3 Qd1+ 29. Kg2 Nd5 30. Qe5 Qd3 31. Qb8+ Kh7 32. Qxa7 Qe4+ 33. Kg1
Nc3 34. Qxb7 Ne2+ 35. Kf1 Qf3 36. h4 Nxg3+ 0-1

[Event "Open de Otoño Fundación CajaCanarias"]
[Site "Santa Cruz de Tenerife ESP"]
[Date "2014.11.05"]
[Round "5.1"]
[White "Tatai, Stefano"]
[Black "Molina Rodriguez, Borja"]
[Result "1-0"]
[WhiteElo "2331"]
[BlackElo "2140"]
[PlyCount "59"]
[EventDate "2014.10.27"]
[EventType "swiss"]
[EventRounds "9"]
[EventCountry "ESP"]
[Source "lmi"]
[SourceDate "2014.10.27"]

1. Nf3 Nf6 2. c4 b6 3. g3 Bb7 4. Bg2 e6 5. O-O Be7 6. Nc3 Ne4 7. Nxe4 Bxe4 8.
d3 Bb7 9. Bd2 a5 10. Qc2 O-O 11. Rac1 Na6 12. Bc3 f5 13. Ne5 Bxg2 14. Kxg2 Qc8
15. Kg1 Bf6 16. d4 d6 17. Nd3 Qb7 18. a3 c5 19. dxc5 Bxc3 20. Qxc3 Nxc5 21.
Rfd1 Ne4 22. Qb3 a4 23. Qb4 Qc6 24. Qb5 Rac8 25. Qxc6 Rxc6 26. f3 Nc5 27. Nb4
Rc7 28. Rxd6 Nb3 29. Rc3 b5 30. cxb5 1-0

[Event "Open de Otoño Fundación CajaCanarias"]
[Site "Santa Cruz de Tenerife ESP"]
[Date "2014.11.05"]
[Round "5.2"]
[White "Hernandez Leon, Alberto"]
[Black "Korneev Leskova, Svyatoslav"]
[Result "1-0"]
[WhiteElo "2236"]
[BlackElo "2075"]
[PlyCount "113"]
[EventDate "2014.10.27"]
[EventType "swiss"]
[EventRounds "9"]
[EventCountry "ESP"]
[Source "lmi"]
[SourceDate "2014.10.27"]

1. Nf3 Nf6 2. c4 g6 3. Nc3 Bg7 4. d4 c5 5. d5 d6 6. g3 O-O 7. Bg2 e5 8. O-O h6
9. Ne1 Qe7 10. e4 Kh7 11. Nd3 Nbd7 12. f4 exf4 13. gxf4 Nb6 14. e5 Nfd7 15.
exd6 Qxd6 16. Ne4 Bd4+ 17. Kh1 Qe7 18. Qe2 Kg7 19. f5 Nf6 20. d6 Qe8 21. Qd2
Rh8 22. Ndxc5 Qe5 23. Nxf6 Qxc5 24. Ne4 Qe5 25. Rd1 gxf5 26. Qxd4 Qxd4 27. Rxd4
fxe4 28. Bxe4 Re8 29. Bf4 f5 30. Rg1+ Kh7 31. Bd3 Bd7 32. h3 Rg8 33. c5 Na4 34.
b4 Nc3 35. Kh2 Rxg1 36. Kxg1 Rg8+ 37. Kf1 Kg6 38. Bc4 Re8 39. Rd3 Ne4 40. Kg1
a5 41. a3 axb4 42. axb4 Ra8 43. Bd5 Ra1+ 44. Kh2 Rf1 45. Be3 Rb1 46. Bxb7 Rb2+
47. Kg1 Rb1+ 48. Kg2 Rxb4 49. c6 Rb2+ 50. Kf3 Be6 51. d7 f4 52. d8=Q Ng5+ 53.
Kxf4 Rg2 54. Rd6 Kh5 55. Rxe6 Nxe6+ 56. Kf3 Nxd8 57. c7 1-0

[Event "Open de Otoño Fundación CajaCanarias"]
[Site "Santa Cruz de Tenerife ESP"]
[Date "2014.11.05"]
[Round "5.3"]
[White "Hernandez Leon, Sergio"]
[Black "Rodriguez Gonzalez, Javier"]
[Result "1/2-1/2"]
[WhiteElo "2075"]
[BlackElo "2229"]
[PlyCount "50"]
[EventDate "2014.10.27"]
[EventType "swiss"]
[EventRounds "9"]
[EventCountry "ESP"]
[Source "lmi"]
[SourceDate "2014.10.27"]

1. d4 d5 2. c4 e6 3. Nf3 Nf6 4. g3 Nbd7 5. Bg2 c6 6. Nbd2 Be7 7. O-O O-O 8. b3
b6 9. Bb2 Bb7 10. Qc2 Rc8 11. e4 Nxe4 12. Nxe4 dxe4 13. Qxe4 Ba8 14. Rad1 Qc7
15. Ne5 Nxe5 16. dxe5 c5 17. Qg4 Bxg2 18. Kxg2 Rcd8 19. f4 Rxd1 20. Rxd1 Rd8
21. Kf2 Rxd1 22. Qxd1 Qc6 23. Qf3 Qxf3+ 24. Kxf3 Kf8 25. g4 Ke8 1/2-1/2

[Event "Open de Otoño Fundación CajaCanarias"]
[Site "Santa Cruz de Tenerife ESP"]
[Date "2014.11.05"]
[Round "5.4"]
[White "Hidalgo Santana, Fernando"]
[Black "Martin Ortega, Oscar"]
[Result "1-0"]
[WhiteElo "2220"]
[BlackElo "1909"]
[PlyCount "117"]
[EventDate "2014.10.27"]
[EventType "swiss"]
[EventRounds "9"]
[EventCountry "ESP"]
[Source "lmi"]
[SourceDate "2014.10.27"]

1. e4 c5 2. c3 e6 3. d4 d5 4. Bd3 Nc6 5. Ne2 Qb6 6. exd5 exd5 7. Nf4 cxd4 8.
Nxd5 Qd8 9. Qe2+ Nge7 10. c4 Be6 11. Nf4 Qa5+ 12. Bd2 Qe5 13. Nxe6 fxe6 14. Be4
g6 15. O-O Bg7 16. Bc1 O-O 17. Nd2 Qd6 18. Re1 e5 19. a3 Rad8 20. Bd3 b6 21. b4
Rde8 22. Ne4 Qd7 23. Bd2 Kh8 24. Rec1 Rc8 25. Rab1 Nd8 26. Ng5 Ne6 27. Qg4 Nf5
28. Ne4 Qe7 29. g3 Nh6 30. Qe2 Nf7 31. h4 Nh6 32. Kg2 Nf5 33. c5 bxc5 34. bxc5
Rb8 35. Bb4 Bh6 36. Rh1 Qc7 37. Nd6 Bg7 38. Rhc1 a5 39. Bd2 Rxb1 40. Bxb1 Nxd6
41. cxd6 Qxd6 42. Qc4 Rd8 43. Bxa5 Qd5+ 44. Qxd5 Rxd5 45. Rc8+ Bf8 46. Bb4 Kg7
47. Ba2 Rb5 48. Bxe6 Bxb4 49. axb4 Rxb4 50. Bd5 d3 51. Rc1 Rd4 52. Bf3 e4 53.
Bd1 Rb4 54. Kf1 Kf6 55. Rc5 Rb2 56. g4 h6 57. Ke1 Ra2 58. Rc6+ Kf7 59. Bb3+ 1-0

[Event "Open de Otoño Fundación CajaCanarias"]
[Site "Santa Cruz de Tenerife ESP"]
[Date "2014.11.05"]
[Round "5.5"]
[White "Guniaeva, Olga"]
[Black "Villavicencio Martinez, Adalbe"]
[Result "0-1"]
[WhiteElo "1685"]
[BlackElo "2318"]
[PlyCount "50"]
[EventDate "2014.10.27"]
[EventType "swiss"]
[EventRounds "9"]
[EventCountry "ESP"]
[Source "lmi"]
[SourceDate "2014.10.27"]

1. d4 d5 2. c4 e5 3. dxe5 d4 4. e3 Bb4+ 5. Bd2 dxe3 6. Bxb4 exf2+ 7. Ke2
fxg1=N+ 8. Ke1 Qh4+ 9. Kd2 Qf4+ 10. Kc2 Bg4 11. Qe1 Nc6 12. Bc3 O-O-O 13. Nd2
Nd4+ 14. Bxd4 Qxd4 15. h3 Bf5+ 16. Kc1 Ne7 17. g4 Bg6 18. a4 Nc6 19. Ra3 Rhe8
20. Re3 Nxe5 21. Rxe5 Rxe5 22. Qd1 Nf3 23. Bg2 Nxd2 24. Bxb7+ Kxb7 25. Rh2
Qxc4+ 0-1

[Event "Open de Otoño Fundación CajaCanarias"]
[Site "Santa Cruz de Tenerife ESP"]
[Date "2014.11.05"]
[Round "5.6"]
[White "Ramos Aguilar, Jose Manuel"]
[Black "De Castro De Leon, Jorge"]
[Result "1/2-1/2"]
[WhiteElo "2103"]
[BlackElo "1630"]
[PlyCount "85"]
[EventDate "2014.10.27"]
[EventType "swiss"]
[EventRounds "9"]
[EventCountry "ESP"]
[Source "lmi"]
[SourceDate "2014.10.27"]

1. d4 d5 2. c4 e6 3. Nc3 Nf6 4. cxd5 exd5 5. Bg5 c6 6. e3 Bf5 7. Qf3 Bg6 8.
Bxf6 Qxf6 9. Qxf6 gxf6 10. h4 h5 11. Nge2 Bd6 12. Nc1 Nd7 13. Nd3 Ke7 14. Rc1
Rae8 15. Na4 Kd8 16. a3 Rhg8 17. Ndc5 Kc7 18. b4 a6 19. Nxd7 Kxd7 20. Nc5+ Kc7
21. g3 Bxg3 22. fxg3 Rxe3+ 23. Kf2 Rxa3 24. Re1 Be4 25. Nxe4 dxe4 26. Rg1 Rf3+
27. Ke2 Rgxg3 28. Rxg3 Rxg3 29. Kd2 f5 30. Bc4 Rg4 31. Bxf7 Rxh4 32. Bg6 Rh2+
33. Re2 Rxe2+ 34. Kxe2 Kd6 35. Bxf5 Kd5 36. Ke3 Kc4 37. Bc8 b6 38. Kxe4 Kxb4
39. Bxa6 h4 40. Bc8 Kc4 41. Be6+ Kb4 42. Bd7 c5 43. dxc5 1/2-1/2

[Event "Open de Otoño Fundación CajaCanarias"]
[Site "Santa Cruz de Tenerife ESP"]
[Date "2014.11.05"]
[Round "5.7"]
[White "Lopez Pereyra, Antonio"]
[Black "Paz Mendez, German Christopher"]
[Result "1/2-1/2"]
[WhiteElo "2108"]
[BlackElo "1715"]
[PlyCount "90"]
[EventDate "2014.10.27"]
[EventType "swiss"]
[EventRounds "9"]
[EventCountry "ESP"]
[Source "lmi"]
[SourceDate "2014.10.27"]

1. e4 e5 2. f4 exf4 3. Nf3 g5 4. h4 g4 5. Ne5 Qe7 6. d4 d6 7. Nxg4 Qxe4+ 8. Qe2
Qe7 9. Nf2 Nh6 10. Bxf4 Nf5 11. c3 h5 12. Nd2 Nc6 13. Nde4 Bh6 14. Bg5 Bxg5 15.
hxg5 Ng7 16. O-O-O Bf5 17. Nf6+ Kd8 18. Qd2 Kc8 19. Re1 Qd8 20. Bd3 Bxd3 21.
Qxd3 a6 22. d5 Ne5 23. Qh3+ Kb8 24. Nd3 Nxd3+ 25. Qxd3 a5 26. Qb5 Ra6 27. Re4
Ka7 28. Rhe1 c6 29. dxc6 Rxc6 30. Re7 Qc8 31. Qxa5+ Ra6 32. Qd5 Ne6 33. Rxf7
Nd8 34. Rd7 Nc6 35. Kb1 Ne5 36. Rxd6 Qf5+ 37. Ka1 Rxd6 38. Qxd6 Nd3 39. Nd7 Qb5
40. Qd4+ b6 41. c4 Nxe1 42. Qg7 Nc2+ 43. Kb1 Na3+ 44. Ka1 Nc2+ 45. Kb1 Na3+
1/2-1/2

[Event "Open de Otoño Fundación CajaCanarias"]
[Site "Santa Cruz de Tenerife ESP"]
[Date "2014.11.05"]
[Round "5.8"]
[White "Perez Gutierrez, Nauzet"]
[Black "Sanchez Martin, Jacobo"]
[Result "1/2-1/2"]
[WhiteElo "2065"]
[BlackElo "1801"]
[PlyCount "119"]
[EventDate "2014.10.27"]
[EventType "swiss"]
[EventRounds "9"]
[EventCountry "ESP"]
[Source "lmi"]
[SourceDate "2014.10.27"]

1. e4 d5 2. exd5 Qxd5 3. Nc3 Qa5 4. d4 e5 5. dxe5 Bb4 6. Bd2 Nc6 7. Nf3 Bg4 8.
a3 Nd4 9. axb4 Qxa1 10. Bb5+ c6 11. Qxa1 Nxc2+ 12. Ke2 Nxa1 13. Ba4 b5 14. Nxb5
cxb5 15. Bxb5+ Bd7 16. Bxd7+ Kxd7 17. Rxa1 h6 18. Bc3 Ne7 19. Ra6 Rhb8 20. Nd4
Rb6 21. Ra5 g6 22. f4 Nc6 23. Rd5+ Ke7 24. Nc2 Rd8 25. Rc5 a6 26. g4 h5 27.
gxh5 Rh8 28. Ne3 Nxb4 29. Bxb4 Ke6 30. Nd5 Rbb8 31. Bc3 Rxh5 32. Nc7+ Kd7 33.
Nxa6 Rb7 34. Rd5+ Ke6 35. Rd6+ Kf5 36. Rf6+ Kg4 37. Nc5 Rc7 38. Ne4 Rxh2+ 39.
Ke3 Rh3+ 40. Kd4 Rf3 41. Bd2 Rd7+ 42. Rd6 Rb7 43. b4 Kf5 44. Rd8 Rxf4 45. Bxf4
Rxb4+ 46. Kd5 Rxe4 47. Bh2 Re2 48. Rh8 Rd2+ 49. Kc4 Ke6 50. Bf4 Rd1 51. Rh3 f6
52. Re3 fxe5 53. Bxe5 Kf5 54. Bd4 Kf4 55. Kd5 g5 56. Re8 g4 57. Rf8+ Kg5 58.
Ke4 Re1+ 59. Be3+ Kh5 60. Rh8+ 1/2-1/2

[Event "Open de Otoño Fundación CajaCanarias"]
[Site "Santa Cruz de Tenerife ESP"]
[Date "2014.11.05"]
[Round "5.9"]
[White "Rodriguez Redondo, Ethan"]
[Black "Evora Brondo, Jose Luis"]
[Result "0-1"]
[WhiteElo "1729"]
[BlackElo "1915"]
[PlyCount "42"]
[EventDate "2014.10.27"]
[EventType "swiss"]
[EventRounds "9"]
[EventCountry "ESP"]
[Source "lmi"]
[SourceDate "2014.10.27"]

1. e4 e6 2. d4 d5 3. Nc3 dxe4 4. Nxe4 Nd7 5. Nf3 Ngf6 6. Bd3 Be7 7. O-O O-O 8.
c3 b6 9. Nxf6+ Nxf6 10. Bg5 Bb7 11. Bc2 c5 12. Bxf6 Bxf6 13. Qd3 g6 14. Rad1
cxd4 15. Nxd4 Qd5 16. Qh3 Qc5 17. Nxe6 fxe6 18. Rd7 Bg7 19. Qxe6+ Kh8 20. Rxb7
Rae8 21. Qd7 Qxf2+ 0-1

[Event "Open de Otoño Fundación CajaCanarias"]
[Site "Santa Cruz de Tenerife ESP"]
[Date "2014.11.05"]
[Round "5.10"]
[White "Kraus, Oliver"]
[Black "Garcia Rodriguez, Pedro Leopol"]
[Result "1-0"]
[WhiteElo "2024"]
[BlackElo "1927"]
[PlyCount "65"]
[EventDate "2014.10.27"]
[EventType "swiss"]
[EventRounds "9"]
[EventCountry "ESP"]
[Source "lmi"]
[SourceDate "2014.10.27"]

1. d4 Nf6 2. c4 c5 3. d5 g6 4. Nc3 Bg7 5. Nf3 O-O 6. h3 d6 7. Bf4 Na6 8. e3 Nc7
9. Be2 a6 10. a4 Rb8 11. O-O Bd7 12. a5 b5 13. axb6 Rxb6 14. Ra2 Qb8 15. Qc2
Qb7 16. Nd2 Rb8 17. b3 Qc8 18. e4 e6 19. Bg3 exd5 20. exd5 Bf5 21. Qd1 Qf8 22.
Kh2 Nd7 23. Nce4 Ne5 24. f4 Nd7 25. Bf3 Re8 26. Bh4 Bxe4 27. Nxe4 f5 28. Ng5
Re3 29. Re1 Rbxb3 30. Rxe3 Rxe3 31. Re2 Bd4 32. Ne6 Qh6 33. Bg5 1-0

[Event "Open de Otoño Fundación CajaCanarias"]
[Site "Santa Cruz de Tenerife ESP"]
[Date "2014.11.05"]
[Round "5.11"]
[White "Pinto Henriquez, Rodrigo"]
[Black "Iriarte Callejas, Joaquin"]
[Result "1-0"]
[WhiteElo "2115"]
[BlackElo "1565"]
[PlyCount "59"]
[EventDate "2014.10.27"]
[EventType "swiss"]
[EventRounds "9"]
[EventCountry "ESP"]
[Source "lmi"]
[SourceDate "2014.10.27"]

1. e4 c5 2. Nf3 Nc6 3. Bb5 g6 4. O-O Bg7 5. c3 Nf6 6. Re1 a6 7. Bf1 O-O 8. d4
cxd4 9. cxd4 d5 10. e5 Ne8 11. h3 Bf5 12. Nc3 b5 13. Bf4 h6 14. Rc1 g5 15. Bh2
Rc8 16. Bd3 Bxd3 17. Qxd3 Qd7 18. Nd2 Nc7 19. Nb3 Ne6 20. Ne2 Qb7 21. f4 Qd7
22. f5 Nc7 23. Nc5 Qe8 24. Rf1 f6 25. e6 Nb4 26. Qd2 a5 27. a3 Nc6 28. Nd7 Na8
29. Nc3 b4 30. Nxd5 1-0

[Event "Open de Otoño Fundación CajaCanarias"]
[Site "Santa Cruz de Tenerife ESP"]
[Date "2014.11.05"]
[Round "5.12"]
[White "Sosa Sosa, Jose Manuel"]
[Black "Thoene, Ruediger"]
[Result "0-1"]
[WhiteElo "1551"]
[BlackElo "1974"]
[PlyCount "39"]
[EventDate "2014.10.27"]
[EventType "swiss"]
[EventRounds "9"]
[EventCountry "ESP"]
[Source "lmi"]
[SourceDate "2014.10.27"]

1. d4 Nf6 2. c4 g6 3. Nc3 Bg7 4. e4 O-O 5. Bd3 Nc6 6. Nge2 e5 7. d5 Nd4 8. Rb1
c5 9. O-O d6 10. h3 Nh5 11. Ng3 Nf4 12. Nce2 Qh4 13. Nxf4 exf4 14. Nh1 f3 15.
Re1 fxg2 16. Ng3 Qxh3 17. Be3 Bg4 18. Be2 Nxe2+ 19. Rxe2 Bf3 20. Bf4 0-1

[Event "Open de Otoño Fundación CajaCanarias"]
[Site "Santa Cruz de Tenerife ESP"]
[Date "2014.11.05"]
[Round "5.13"]
[White "Darias Darias, Luis"]
[Black "Ruiz Yanes, Jose David"]
[Result "1/2-1/2"]
[WhiteElo "1819"]
[BlackElo "1487"]
[PlyCount "67"]
[EventDate "2014.10.27"]
[EventType "swiss"]
[EventRounds "9"]
[EventCountry "ESP"]
[Source "lmi"]
[SourceDate "2014.10.27"]

1. d4 Nf6 2. e3 e6 3. Bd3 c5 4. c3 Nc6 5. Nf3 d5 6. Nbd2 Be7 7. O-O Qc7 8. Re1
b6 9. e4 dxe4 10. Nxe4 cxd4 11. cxd4 Nb4 12. Nxf6+ Bxf6 13. Qa4+ Nc6 14. d5 Bd7
15. dxc6 Bxc6 16. Bb5 Bxb5 17. Qxb5+ Qd7 18. Qb3 Rd8 19. Bg5 Bxg5 20. Nxg5 O-O
21. Qc2 g6 22. Ne4 Qe7 23. Qc1 Rd5 24. Qc3 Rf5 25. Rad1 Rd8 26. g4 Rf4 27.
Rxd8+ Qxd8 28. Qg3 e5 29. g5 Qd4 30. Qxf4 exf4 31. Nf6+ Kg7 32. Re8 Qd1+ 33.
Kg2 f3+ 34. Kg3 1/2-1/2

[Event "Open de Otoño Fundación CajaCanarias"]
[Site "Santa Cruz de Tenerife ESP"]
[Date "2014.11.05"]
[Round "5.14"]
[White "Rodriguez Redondo, Adhara"]
[Black "Medina Sanchez, Gines"]
[Result "1-0"]
[WhiteElo "1510"]
[BlackElo "1740"]
[PlyCount "179"]
[EventDate "2014.10.27"]
[EventType "swiss"]
[EventRounds "9"]
[EventCountry "ESP"]
[Source "lmi"]
[SourceDate "2014.10.27"]

1. e4 e5 2. Nf3 Nc6 3. Bc4 Bc5 4. c3 Nf6 5. d3 d6 6. Bb3 Bg4 7. Bg5 h6 8. Bh4
g5 9. Bg3 Qd7 10. Nbd2 O-O-O 11. h3 Bh5 12. Qe2 Bg6 13. O-O-O Nh5 14. Bh2 Nf4
15. Bxf4 exf4 16. d4 Bb6 17. Rhe1 a6 18. Ba4 Kb8 19. Qf1 d5 20. Ne5 Qd6 21.
Bxc6 bxc6 22. Qxa6 Bh5 23. Qa4 Kb7 24. Nef3 Ra8 25. Qb3 f6 26. a3 Rhe8 27. exd5
cxd5 28. Rxe8 Bxe8 29. Re1 Ba4 30. Qb4 Qxb4 31. axb4 Bd7 32. Kc2 Bf5+ 33. Kb3
Rd8 34. Re7 Rd7 35. Re8 Bg6 36. Rg8 Bf7 37. Rg7 c6 38. h4 Bd8 39. hxg5 hxg5 40.
Kc2 Re7 41. Nb3 Bh5 42. Rxe7+ Bxe7 43. Nc5+ Kb6 44. Kb3 g4 45. Nh4 g3 46. fxg3
fxg3 47. Nf5 Bd8 48. Nxg3 Bg4 49. c4 Be7 50. cxd5 cxd5 51. Kc3 Kb5 52. Nf1 Bc8
53. Ne3 Kc6 54. b5+ Kxb5 55. Nxd5 Bd8 56. b4 f5 57. g3 Bg5 58. Nf4 Kc6 59. Kc4
Be7 60. d5+ Kb6 61. Na4+ Kc7 62. b5 Bd6 63. Nc3 Kb6 64. Nce2 Bd7 65. Nd4 Be5
66. Nfe2 Bd6 67. Nc6 Bc7 68. Nc3 Bxg3 69. Na4+ Kc7 70. b6+ Kc8 71. Nc5 Bxc6 72.
dxc6 Bd6 73. Ne6 f4 74. b7+ Kb8 75. Nd4 Be5 76. Nf3 Bc7 77. Kb5 Ka7 78. Nd4 Bb8
79. Nf3 Bd6 80. Ka5 Bc7+ 81. Kb5 Bd6 82. Kc4 Kb6 83. Kd5 Bc7 84. Nd4 Ka7 85.
Ke6 Kb8 86. Kd7 Bb6 87. Nc2 f3 88. Nb4 Ka7 89. c7 Bxc7 90. Kxc7 1-0

[Event "Open de Otoño Fundación CajaCanarias"]
[Site "Santa Cruz de Tenerife ESP"]
[Date "2014.11.05"]
[Round "5.15"]
[White "Marichal Miranda, Diego"]
[Black "Gonzalez Moreno, Juan Carlos"]
[Result "0-1"]
[WhiteElo "1431"]
[BlackElo "1714"]
[PlyCount "40"]
[EventDate "2014.10.27"]
[EventType "swiss"]
[EventRounds "9"]
[EventCountry "ESP"]
[Source "lmi"]
[SourceDate "2014.10.27"]

1. g3 d5 2. Nf3 c5 3. Bg2 Nc6 4. c3 e5 5. d3 Bg4 6. O-O Nf6 7. Nbd2 Qd7 8. e4
d4 9. Qb3 dxc3 10. Qxc3 O-O-O 11. Nxe5 Nxe5 12. Qxe5 Qxd3 13. f3 Be6 14. Qc3
Qxc3 15. bxc3 Rd3 16. Rd1 Rxc3 17. Bb2 Rd3 18. e5 Ne8 19. Bf1 Rd8 20. Bb5 Nc7
0-1

[Event "Open de Otoño Fundación CajaCanarias"]
[Site "Santa Cruz de Tenerife ESP"]
[Date "2014.11.05"]
[Round "5.17"]
[White "Perez De La Torre, Jorge"]
[Black "Bernardez Gonzalez, Roberto"]
[Result "1-0"]
[WhiteElo "1628"]
[BlackElo "1420"]
[PlyCount "94"]
[EventDate "2014.10.27"]
[EventType "swiss"]
[EventRounds "9"]
[EventCountry "ESP"]
[Source "lmi"]
[SourceDate "2014.10.27"]

1. d4 Nf6 2. Nf3 g6 3. Nbd2 d5 4. b4 Bg7 5. e3 O-O 6. Bb2 b6 7. c4 dxc4 8. Bxc4
Bb7 9. O-O Nbd7 10. Qc2 Rc8 11. Qa4 Ra8 12. Rfc1 Ne4 13. Ba6 Bxa6 14. Qxa6 Nxd2
15. Nxd2 Nf6 16. e4 Nh5 17. Nb3 Qd7 18. f3 Nf4 19. g3 Ne6 20. Qc4 Rfc8 21. Qc6
Qxc6 22. Rxc6 Nd8 23. Rc2 c6 24. Rac1 Rc7 25. d5 Bxb2 26. Rxb2 Rac8 27. Rbc2 c5
28. bxc5 bxc5 29. Rxc5 Rxc5 30. Rxc5 Rxc5 31. Nxc5 f6 32. Kf2 Nf7 33. f4 Kf8
34. Ke3 Ke8 35. Ne6 Nd6 36. Kd3 Kf7 37. g4 f5 38. Ng5+ Kg7 39. e5 Ne8 40. gxf5
gxf5 41. Kc4 h6 42. Nf3 Kf7 43. Kc5 Ng7 44. Nd4 Ke8 45. Kc6 Kd8 46. Kb7 a5 47.
a4 Ne8 1-0

[Event "Open de Otoño Fundación CajaCanarias"]
[Site "Santa Cruz de Tenerife ESP"]
[Date "2014.11.05"]
[Round "5.19"]
[White "Montilla Bejarano, Carmen"]
[Black "Redondo Terron, Eva"]
[Result "0-1"]
[WhiteElo "1113"]
[BlackElo "1029"]
[PlyCount "59"]
[EventDate "2014.10.27"]
[EventType "swiss"]
[EventRounds "9"]
[EventCountry "ESP"]
[Source "lmi"]
[SourceDate "2014.10.27"]

1. e4 e5 2. Nc3 Nf6 3. Nf3 Bc5 4. Nxe5 d6 5. Nf3 Ng4 6. d4 Bb4 7. d5 c6 8. Bc4
Qa5 9. Qd2 O-O 10. O-O Nd7 11. dxc6 bxc6 12. Re1 Nge5 13. Nxe5 Nxe5 14. a3 Nxc4
15. Qd4 Bxc3 16. bxc3 Be6 17. Bf4 c5 18. Qd3 Rfd8 19. Qg3 Kh8 20. h4 Qa4 21.
Ra2 Nd2 22. Raa1 Nxe4 23. Qe3 Nf6 24. Qf3 Bd5 25. Qd3 Qxf4 26. Qg3 Qxg3 27.
fxg3 Rab8 28. Re7 a6 29. Rd1 g6 30. Rd4 0-1

[Event "Open de Otoño Fundación CajaCanarias"]
[Site "Santa Cruz de Tenerife ESP"]
[Date "2014.11.05"]
[Round "5.20"]
[White "Martinez Morina, Manel"]
[Black "Perez Perez, Gabriel"]
[Result "1-0"]
[WhiteElo "1826"]
[BlackElo "1534"]
[PlyCount "21"]
[EventDate "2014.10.27"]
[EventType "swiss"]
[EventRounds "9"]
[EventCountry "ESP"]
[Source "lmi"]
[SourceDate "2014.10.27"]

1. e4 c5 2. Nc3 Nc6 3. Bb5 e6 4. Bxc6 bxc6 5. f4 g6 6. Nf3 Bg7 7. O-O Ne7 8. d3
O-O 9. Qe1 d5 10. Bd2 Rb8 11. b3 1-0

[Event "Open de Otoño Fundación CajaCanarias"]
[Site "Santa Cruz de Tenerife ESP"]
[Date "2014.11.05"]
[Round "5.21"]
[White "Hernandez Estevez, Andres Davi"]
[Black "Gonzalez Diaz, Eusebio"]
[Result "1/2-1/2"]
[WhiteElo "1296"]
[BlackElo "1440"]
[PlyCount "123"]
[EventDate "2014.10.27"]
[EventType "swiss"]
[EventRounds "9"]
[EventCountry "ESP"]
[Source "lmi"]
[SourceDate "2014.10.27"]

1. e4 e5 2. Nf3 Nc6 3. Bc4 Nf6 4. O-O Bc5 5. d3 d6 6. h3 h6 7. Nc3 a6 8. Ne2
Ne7 9. c3 b5 10. Bb3 a5 11. d4 exd4 12. cxd4 Bb6 13. Ng3 d5 14. e5 Nh7 15. Bc2
Nf8 16. Qd3 c6 17. Bd2 Be6 18. Rac1 Qd7 19. Rfe1 g6 20. Qe2 Nf5 21. Nxf5 gxf5
22. Nh4 f4 23. Qf3 Rg8 24. Kh2 Bxd4 25. Qxf4 Bc5 26. Bf5 Rg5 27. Bxe6 Nxe6 28.
Qf6 Be7 29. Qh8+ Nf8 30. Bxg5 Bxg5 31. e6 Qc7+ 32. Kg1 O-O-O 33. e7 Bxe7 34.
Qxh6 Ne6 35. Nf5 Bg5 36. Qxg5 Nxg5 37. Rxc6 Ne6 38. Rec1 Rd7 39. Rxc7+ Nxc7 40.
Ne7+ Rxe7 41. Rc2 Kb7 42. g4 Re5 43. f4 Re3 44. Kg2 d4 45. f5 Nd5 46. Rc5 Nf4+
47. Kh2 Kb6 48. Rc8 Rxh3+ 49. Kg1 Rg3+ 50. Kf2 Rxg4 51. Kf3 Rh4 52. Kg3 Rh6 53.
Kxf4 Kb7 54. Rd8 Rh4+ 55. Ke5 Kc7 56. Rxd4 Rxd4 57. Kxd4 Kd6 58. Ke4 f6 59. Kd4
a4 60. b3 a3 61. b4 Kc6 62. Ke4 1/2-1/2

[Event "Open de Otoño Fundación CajaCanarias"]
[Site "Santa Cruz de Tenerife ESP"]
[Date "2014.11.07"]
[Round "6.1"]
[White "Hidalgo Santana, Fernando"]
[Black "Tatai, Stefano"]
[Result "1/2-1/2"]
[WhiteElo "2220"]
[BlackElo "2331"]
[PlyCount "73"]
[EventDate "2014.10.27"]
[EventType "swiss"]
[EventRounds "9"]
[EventCountry "ESP"]
[Source "lmi"]
[SourceDate "2014.10.27"]

1. e4 c6 2. Nf3 d5 3. exd5 cxd5 4. Ne5 Nc6 5. d4 Nf6 6. c3 e6 7. Bd3 Nxe5 8.
dxe5 Nd7 9. Qe2 Qc7 10. f4 Nc5 11. Bb5+ Bd7 12. Bxd7+ Nxd7 13. O-O Bc5+ 14. Kh1
g6 15. Nd2 Nb6 16. a4 Be7 17. a5 Nd7 18. Nf3 Rc8 19. Be3 a6 20. b4 Qc4 21. Qd2
f5 22. Rac1 Rc7 23. h3 h5 24. Rfd1 Kf7 25. Qb2 Nb8 26. Bb6 Rcc8 27. Qd2 Nc6 28.
Qe3 Rhg8 29. Kh2 Qe4 30. h4 Qxe3 31. Bxe3 Nb8 32. g3 Rc7 33. Bb6 Rc4 34. Nd2
Rc6 35. Nb3 Nd7 36. Rd4 Rgc8 37. Kg2 1/2-1/2

[Event "Open de Otoño Fundación CajaCanarias"]
[Site "Santa Cruz de Tenerife ESP"]
[Date "2014.11.07"]
[Round "6.2"]
[White "Villavicencio Martinez, Adalbe"]
[Black "Hernandez Leon, Alberto"]
[Result "1/2-1/2"]
[WhiteElo "2318"]
[BlackElo "2236"]
[PlyCount "28"]
[EventDate "2014.10.27"]
[EventType "swiss"]
[EventRounds "9"]
[EventCountry "ESP"]
[Source "lmi"]
[SourceDate "2014.10.27"]

1. d4 c5 2. d5 g6 3. c4 Bg7 4. e4 d6 5. Nc3 Nf6 6. Bd3 O-O 7. h3 e6 8. Nge2
exd5 9. cxd5 a6 10. a4 Re8 11. O-O Nbd7 12. Ng3 Qc7 13. Bg5 c4 14. Bc2 Rb8
1/2-1/2